Vývoj multilaterálneho obchodného systému po zlyhaní V. Ministerskej konferencie WTO v Kankúne

Hlavný cieľ rokovaní v Kankúne. Príčiny neúspechu konferencie. Rokovania o ďalšej liberalizácii obchodu uviazli na mŕtvom bode. Podpora spusteniu nového kola rokovaní. V súčasnosti ide o najvážnejšiu krízu multilaterálneho obchodného systému od jeho počiatkov (v r. 1947). Vznikajú silné tendencie k...

Descrizione completa

Salvato in:
Dettagli Bibliografici
Autore principale: Línerová, Zuzana
Natura: Capitolo di libro
Lingua:slovacco
Soggetti:
Tags: Aggiungi Tag
Nessun Tag, puoi essere il primo ad aggiungerne!!

MARC

LEADER 00000naa$a2200000$$$4500
001 0034351
005 20240502071444.4
041 0 |a slo 
044 |a SK 
245 1 0 |a Vývoj multilaterálneho obchodného systému po zlyhaní V. Ministerskej konferencie WTO v Kankúne  |c Zuzana Línerová 
520 |a Hlavný cieľ rokovaní v Kankúne. Príčiny neúspechu konferencie. Rokovania o ďalšej liberalizácii obchodu uviazli na mŕtvom bode. Podpora spusteniu nového kola rokovaní. V súčasnosti ide o najvážnejšiu krízu multilaterálneho obchodného systému od jeho počiatkov (v r. 1947). Vznikajú silné tendencie k bilaterálnym a regionálnym iniciatívam. Nevyhnutnosť komplexnej reformy WTO. 
610 2 0 |a obchod medzinárodný 
610 2 0 |a konferencie 
610 2 0 |a Svetová obchodná organizácia 
610 2 0 |a liberalizácia 
610 2 0 |a obchod voľný 
100 1 |a Línerová, Zuzana